|
|
|
|
| LEADER |
00000nam0a2200000 4500 |
| 001 |
140391 |
| 005 |
20231031142033.0 |
| 035 |
|
|
|a (RuTPU)RU\TPU\book\152089
|
| 090 |
|
|
|a 140391
|
| 100 |
|
|
|a 20080628d1955 m y0rusy50 ca
|
| 101 |
0 |
|
|a rus
|
| 102 |
|
|
|a RU
|
| 105 |
|
|
|a a j 000zy
|
| 200 |
1 |
|
|a Сборник задач по аналитической геометрии
|e учебное пособие
|f Д. В. Клетеник
|
| 210 |
|
|
|a Москва
|c Государственное издательство технико-теоретической литературы
|d 1955
|
| 215 |
|
|
|a 240 с.
|c ил.
|
| 610 |
1 |
|
|a задачи
|
| 610 |
1 |
|
|a аналитическая геометрия
|
| 610 |
1 |
|
|a учебные пособия
|
| 610 |
1 |
|
|a плоскости
|
| 610 |
1 |
|
|a уравнение линии
|
| 610 |
1 |
|
|a линии первого порядка
|
| 610 |
1 |
|
|a геометрия
|
| 610 |
1 |
|
|a геометрические свойства
|
| 610 |
1 |
|
|a линии второго порядка
|
| 610 |
1 |
|
|a математика
|
| 610 |
1 |
|
|a пространства
|
| 610 |
1 |
|
|a векторная алгебра
|
| 610 |
1 |
|
|a уравнение поверхности
|
| 610 |
1 |
|
|a сборники
|
| 675 |
|
|
|a 514.12(075.8)
|v 3
|
| 700 |
|
1 |
|a Клетеник
|b Д. В.
|g Давид Викторович
|
| 801 |
|
1 |
|a RU
|b 63413507
|c 20080628
|g PSBO
|
| 801 |
|
2 |
|a RU
|b 63413507
|c 20140122
|g PSBO
|
| 942 |
|
|
|c BK
|